OPAC | Catalogo Arcigay delle biblioteche LGBTQIA+

Il Catalogo di Arcigay delle Biblioteche LGBTQIA+ è un servizio fornito grazie alla collaborazione tra Arcigay nazionale e le associazioni locali aderenti al progetto che conservano e rendono pubbliche biblioteche a tema LGBTQIA+.

Il problema della omosessualita / (Record no. 20020)

MARC details
000 -LEADER
campo di controllo lung. fissa 00577nam a22001817i 4500
001 - Numero di controllo
campo di controllo IT\ICCU\UBO\2140314
003 - Identificatore del numero di controllo
campo di controllo ItRI
005 - Data e orario dell'ultima transazione
campo di controllo 20260115232259.0
008 - Elementi di lunghezza fissa--Informazione generale
campo di controllo lung. fissa 090729s1952 it |||||| ||||| |||||c
040 ## - Fonte della catalogazione
Lingua della catalogazione ita
Agenzia che fa la trascrizione importazione bologna sebina
041 #7 - Codice di lingua
Codice di lingua del testo/traccia sonora o titolo separato ita
Fonte del codice ISO-639-2
100 1# - Accesso principale -- nome di persona
Nome di persona Olivari, Gino
Numero del record di authority o numero standard IT\ICCU\CFIV\006313
Relazione: aut
245 13 - Formulazione del titolo
Titolo Il problema della omosessualita /
Formulazione di responsabilità, ecc. di Gino Olivari.
260 ## - Pubblicazione, distribuzione, ecc. (stampa)
Luogo di pubblicazione, distribuzione, ecc. [Milano] :
Nome dell'editore, distributore, ecc. Milesi,
Data di pubblicazione, distribuzione, ecc. 1952
300 ## - Descrizione fisica
Estensione 1 v. (paginazione varia) ;
Dimensioni 30 cm
500 ## - Nota generale
Nota generale Estratto da: Problemi sessuali, anno 2, n. 8, 1952.
942 ## - Dati aggiuntivi (Koha)
Fonte della classificazione o dello schema di collocazione (segnatura) Classificazione decimale Dewey
Tipo copia default (Koha) Libri
Nasconto in Opac No
Holdings
Status ritirato Status smarrito: Status danneggiato: Escluso dal prestito Biblioteca di appartenenza Biblioteca corrente Data di acquisti Numero d'inventario Totale prestiti Collocazione Codice a barre Data ultima revisione Prezzo effettivo da Tipo copia default (Koha) Nota pubblica
        BOLOGNA | Centro di Documentazione "Flavia Madaschi" Cassero LGBTQIA+ Center BOLOGNA | Centro di Documentazione "Flavia Madaschi" Cassero LGBTQIA+ Center 15/01/2026 5590   DOC 155.33 OLI BO5590 15/01/2026 15/01/2026 Libri 1 v.
Se cerchi informazioni su Arcigay, le puoi trovare nel nostro sito: www.arcigay.it